LEADER 01160nam--2200361---450- 001 990000351280203316 035 $a0035128 035 $aUSA010035128 035 $a(ALEPH)000035128USA01 035 $a0035128 100 $a20010307d1985----km-y0itay0103----ba 101 $aeng 102 $aDE 105 $a||||||||001yy 200 1 $aLocal area networks$ean advanced course$eGlasgow, july 11-12, 1983$eproceedings$fedited by D. Hutchison, J.A. Mariani and W.D. Shepherd 210 $aBerlin$cSpringer Verlag$dc1985 215 $aVIII, 497 p.$cill. graf.$d24 cm 225 2 $aLecture notes in computer science$v184 410 $12001$aLecture notes in computer science$v184 461 1$1001-------$12001 676 $a001.64404 702 1$aHUTCHISON,$bD. 801 0$aIT$bsalbc$gISBD 912 $a990000351280203316 951 $a001 LNCS 184$b14053$c001 LNCS$d00101518 959 $aBK 969 $aSCI 979 $aPATTY$b90$c20010307$lUSA01$h1332 979 $aPATTY$b90$c20010307$lUSA01$h1334 979 $c20020403$lUSA01$h1643 979 $aPATRY$b90$c20040406$lUSA01$h1624 996 $aLocal area networks$9878452 997 $aUNISA LEADER 00984nam 2200349 450 001 9910715932403321 005 20210419115137.0 035 $a(CKB)5470000002516773 035 $a(OCoLC)1246548771 035 $a(EXLCZ)995470000002516773 100 $a20210419d1980 ua 0 101 0 $aeng 135 $aur||||||||||| 181 $ctxt$2rdacontent 182 $cc$2rdamedia 183 $acr$2rdacarrier 200 00$aOdyn code calculation 210 1$aWashington, D.C. :$cUnited States Nuclear Regulatory Commission,$d1980. 215 $a1 online resource 225 1 $aGeneric letter ;$v80-91 300 $a"November 4, 1980." 606 $aNuclear pressure vessels 606 $aWater hammer 615 0$aNuclear pressure vessels. 615 0$aWater hammer. 712 02$aU.S. Nuclear Regulatory Commission, 801 0$bGPO 801 1$bGPO 906 $aBOOK 912 $a9910715932403321 996 $aOdyn code calculation$93341172 997 $aUNINA